<?xml version="1.0" encoding="UTF-8"?><?xml-stylesheet type="text/xsl" href="static/style.xsl"?><OAI-PMH xmlns="http://www.openarchives.org/OAI/2.0/" xmlns:xsi="http://www.w3.org/2001/XMLSchema-instance" xsi:schemaLocation="http://www.openarchives.org/OAI/2.0/ http://www.openarchives.org/OAI/2.0/OAI-PMH.xsd"><responseDate>2026-04-14T05:44:46Z</responseDate><request verb="GetRecord" identifier="oai:www.recercat.cat:10230/68889" metadataPrefix="marc">https://recercat.cat/oai/request</request><GetRecord><record><header><identifier>oai:recercat.cat:10230/68889</identifier><datestamp>2026-03-10T02:19:51Z</datestamp><setSpec>com_2072_6</setSpec><setSpec>col_2072_452952</setSpec></header><metadata><record xmlns="http://www.loc.gov/MARC21/slim" xmlns:dcterms="http://purl.org/dc/terms/" xmlns:xsi="http://www.w3.org/2001/XMLSchema-instance" xmlns:doc="http://www.lyncode.com/xoai" xsi:schemaLocation="http://www.loc.gov/MARC21/slim http://www.loc.gov/standards/marcxml/schema/MARC21slim.xsd">
   <leader>00925njm 22002777a 4500</leader>
   <datafield ind2=" " ind1=" " tag="042">
      <subfield code="a">dc</subfield>
   </datafield>
   <datafield ind2=" " ind1=" " tag="720">
      <subfield code="a">Ramada Rodilla, José María, 1961-</subfield>
      <subfield code="e">author</subfield>
   </datafield>
   <datafield ind2=" " ind1=" " tag="720">
      <subfield code="a">Serra, Consol</subfield>
      <subfield code="e">author</subfield>
   </datafield>
   <datafield ind2=" " ind1=" " tag="720">
      <subfield code="a">Delclòs i Clanchet, Jordi, 1956-</subfield>
      <subfield code="e">author</subfield>
   </datafield>
   <datafield ind2=" " ind1=" " tag="260">
      <subfield code="c">2024-12-03T07:32:11Z</subfield>
   </datafield>
   <datafield ind2=" " ind1=" " tag="260">
      <subfield code="c">2024-12-03T07:32:11Z</subfield>
   </datafield>
   <datafield ind2=" " ind1=" " tag="260">
      <subfield code="c">2013</subfield>
   </datafield>
   <datafield ind2=" " ind1=" " tag="520">
      <subfield code="a">La traducción simple de un cuestionario puede dar lugar a interpretaciones erróneas debido a diferencias culturales y de lenguaje. Cuando se utilicen cuestionarios desarrollados en otros países e idiomas en estudios científicos, además de traducirlos, es necesaria su adaptación cultural y validación. El objetivo de este trabajo es revisar la literatura sobre la traducción, adaptación cultural y validación (TACV) de cuestionarios de salud, y sintetizar y proponer recomendaciones basadas en la literatura científica que faciliten este proceso. La TACV debe seguir un proceso sistematizado, por lo que se recomiendan dos etapas: a) adaptación cultural: traducción directa, síntesis, traducción inversa, consolidación por comité de expertos y pre-test, y b) validación (con hasta siete pasos): evaluación de la consistencia interna, fiabilidad intra e interobservador, validez lógica, de contenido, criterio y constructo. La falta de equivalencia de los cuestionarios limita las posibilidades de comparación entre poblaciones con idiomas o culturas diferentes y el intercambio de información en la comunidad científica.</subfield>
   </datafield>
   <datafield tag="653" ind2=" " ind1=" ">
      <subfield code="a">Cuestionarios</subfield>
   </datafield>
   <datafield tag="653" ind2=" " ind1=" ">
      <subfield code="a">Escalas</subfield>
   </datafield>
   <datafield tag="653" ind2=" " ind1=" ">
      <subfield code="a">Encuestas de salud</subfield>
   </datafield>
   <datafield tag="653" ind2=" " ind1=" ">
      <subfield code="a">Comparación transcultural</subfield>
   </datafield>
   <datafield tag="653" ind2=" " ind1=" ">
      <subfield code="a">Estudios de validación</subfield>
   </datafield>
   <datafield tag="653" ind2=" " ind1=" ">
      <subfield code="a">Confiabilidad y validez</subfield>
   </datafield>
   <datafield ind2="0" ind1="0" tag="245">
      <subfield code="a">Adaptación cultural y validación de cuestionarios de salud: revisión y recomendaciones metodológicas</subfield>
   </datafield>
</record></metadata></record></GetRecord></OAI-PMH>